[Event "Gibraltar Masters 14th"]
[Site "Caleta"]
[Date "2016.02.03"]
[Round "9"]
[White "Osuna Vega, Enrique"]
[Black "Kharous, Ernest"]
[Result "0-1"]
[WhiteElo "2127"]
[BlackElo "2314"]
[PlyCount "48"]
[EventDate "2016.01.26"]
[EventType "swiss"]
[EventRounds "10"]
[EventCountry "GGB"]
[SourceTitle "CBM 171"]
[Source "ChessBase"]
[SourceDate "2016.03.14"]
[SourceVersion "2"]
[SourceVersionDate "2016.03.14"]
[SourceQuality "1"]

1. e4 c5 2. Nf3 Nc6 3. d4 cxd4 4. Nxd4 Nf6 5. Nc3 e5 6. Ndb5 h6 7. Nd5 Nxd5 8. exd5 a6 9. dxc6 axb5 10. cxd7+ Bxd7 11. Qd5 Qc7 12. Bd2 Bc5 13. Bd3 0-0 14. Qb3 Qc6 15. 0-0 Ra4 16. Rfe1 Rg4 17. Bf1 Be6 18. Qc3 Rd8 19. Rad1 Rdd4 20. Rxe5 Bd5 21. Qh3 Qg6 22. Re8+ Kh7 23. Bd3 Rxd3 24. Qxd3 Rxg2+ 0-1

[Event "Gibraltar Masters 14th"]
[Site "Caleta"]
[Date "2016.01.26"]
[Round "1"]
[White "Short, Nigel D"]
[Black "Kharous, Ernest"]
[Result "1-0"]
[WhiteElo "2684"]
[BlackElo "2314"]
[PlyCount "51"]
[EventDate "2016.01.26"]
[EventType "swiss"]
[EventRounds "10"]
[EventCountry "GGB"]
[SourceTitle "CBM 171"]
[Source "ChessBase"]
[SourceDate "2016.03.14"]
[SourceVersion "2"]
[SourceVersionDate "2016.03.14"]
[SourceQuality "1"]

1. e4 c5 2. Nc3 a6 3. g3 b5 4. Bg2 Bb7 5. Nh3 Nc6 6. 0-0 e6 7. d3 Nge7 8. Be3 Nd4 9. Ne2 Qb6 10. c3 Nxe2+ 11. Qxe2 Qc7 12. f4 f5 13. a4 Rb8 14. axb5 axb5 15. b4 c4 16. Bd4 Nc6 17. exf5 Nxd4 18. cxd4 Bxb4 19. Qh5+ Ke7 20. Qg5+ Kf7 21. fxe6+ dxe6 22. f5 e5 23. f6 g6 24. Ra7 Rhd8 25. Qh6 Ke6 26. Ng5+ 1-0

[Event "Qatar Masters op"]
[Site "Doha"]
[Date "2014.12.03"]
[Round "8"]
[White "Kathmale, Sameer"]
[Black "Kharous, Ernest"]
[Result "1-0"]
[WhiteElo "2267"]
[BlackElo "2358"]
[PlyCount "63"]
[EventDate "2014.11.26"]
[EventType "swiss"]
[EventRounds "9"]
[EventCountry "QAT"]
[SourceTitle "CBM 164"]
[Source "ChessBase"]
[SourceDate "2015.01.15"]
[SourceVersion "1"]
[SourceVersionDate "2015.01.15"]
[SourceQuality "1"]

1. e4 e6 2. d4 b6 3. Nf3 Bb7 4. Bd3 Nf6 5. Nbd2 c5 6. c3 Nc6 7. a3 d5 8. e5 Nd7 9. b4 Be7 10. Qe2 Qc7 11. h4 0-0 12. Rb1 c4 13. Bc2 f6 14. b5 Na5 15. 0-0 fxe5 16. dxe5 Rac8 17. Re1 Nc5 18. g3 h5 19. Nd4 g5 20. hxg5 h4 21. Nf1 Ne4 22. Bxe4 dxe4 23. Nxe6 Qxe5 24. Nxf8 Rxf8 25. Qg4 Qf5 26. Qxf5 Rxf5 27. gxh4 Nb3 28. Ng3 Rxb5 29. Bf4 Bxa3 30. h5 Be7 31. h6 Bxg5 32. Bxg5 1-0

[Event "Qatar Masters op"]
[Site "Doha"]
[Date "2014.12.02"]
[Round "7"]
[White "Kharous, Ernest"]
[Black "Nemcova, Katerina"]
[Result "1/2-1/2"]
[WhiteElo "2358"]
[BlackElo "2312"]
[PlyCount "60"]
[EventDate "2014.11.26"]
[EventType "swiss"]
[EventRounds "9"]
[EventCountry "QAT"]
[SourceTitle "CBM 164"]
[Source "ChessBase"]
[SourceDate "2015.01.15"]
[SourceVersion "1"]
[SourceVersionDate "2015.01.15"]
[SourceQuality "1"]

1. e4 e5 2. Nf3 Nc6 3. c3 Nf6 4. d3 d5 5. Nbd2 Be7 6. Be2 0-0 7. 0-0 Re8 8. h3 h6 9. Qc2 a6 10. Re1 Bf8 11. Nf1 g6 12. N3h2 Bg7 13. Bf3 Be6 14. Ng4 Nxg4 15. Bxg4 f5 16. exf5 gxf5 17. Bh5 Rf8 18. f4 Kh8 19. fxe5 f4 20. d4 Qh4 21. Qe2 Bxh3 22. gxh3 f3 23. Bxf3 Rxf3 24. Qxf3 Qxe1 25. Bxh6 Qxa1 26. Bxg7+ Kxg7 27. Qf6+ Kg8 28. Qg6+ Kh8 29. Qh6+ Kg8 30. Qg6+ Kh8 1/2-1/2

[Event "Qatar Masters op"]
[Site "Doha"]
[Date "2014.11.30"]
[Round "5"]
[White "Kharous, Ernest"]
[Black "Gu, Xiaobing"]
[Result "1-0"]
[WhiteElo "2358"]
[BlackElo "2283"]
[PlyCount "65"]
[EventDate "2014.11.26"]
[EventType "swiss"]
[EventRounds "9"]
[EventCountry "QAT"]
[SourceTitle "CBM 164"]
[Source "ChessBase"]
[SourceDate "2015.01.15"]
[SourceVersion "1"]
[SourceVersionDate "2015.01.15"]
[SourceQuality "1"]

1. e4 c5 2. Nc3 a6 3. f4 b5 4. Nf3 Bb7 5. d3 e6 6. Be2 d5 7. 0-0 b4 8. f5 bxc3 9. fxe6 f6 10. bxc3 dxe4 11. Nh4 Qd5 12. Rb1 Ra7 13. Bh5+ Ke7 14. Nf5+ Kd8 15. dxe4 Qxd1 16. Rxd1+ Kc8 17. Bf4 Nc6 18. Rd7 Ne5 19. Rbd1 Ra8 20. Bxe5 fxe5 21. e7 Nxe7 22. Nxe7+ Bxe7 23. Rxe7 Kb8 24. Rb1 Ra7 25. Bf7 Ka8 26. Rbxb7 Rxb7 27. Bd5 Rhb8 28. Rxg7 Ka7 29. Rxb7+ Rxb7 30. Bxb7 Kxb7 31. g4 Kc6 32. h4 Kd6 33. c4 1-0

[Event "Budapest FS11 GM"]
[Site "Budapest"]
[Date "2012.11.11"]
[Round "10"]
[White "Kharous, Ernest"]
[Black "Szabo, Krisztian"]
[Result "0-1"]
[WhiteElo "2367"]
[BlackElo "2541"]
[PlyCount "100"]
[EventDate "2012.11.03"]
[EventType "tourn"]
[EventRounds "14"]
[EventCountry "HUN"]
[EventCategory "8"]
[SourceTitle "CBM 151 Extra"]
[Source "ChessBase"]
[SourceDate "2012.12.18"]
[SourceVersion "1"]
[SourceVersionDate "2012.12.18"]
[SourceQuality "1"]

1. f4 g6 2. Nf3 Bg7 3. e4 c5 4. d3 Nc6 5. c3 e6 6. Be3 d6 7. g3 Nge7 8. Bg2 0-0 9. 0-0 f5 10. Nbd2 b6 11. Nc4 e5 12. Qb3 Kh8 13. Rae1 Be6 14. Qa4 Rb8 15. Ncd2 Qc7 16. Qc2 Qd7 17. a3 Rbc8 18. Qb1 Rcd8 19. c4 Nd4 20. Bxd4 exd4 21. Re2 fxe4 22. dxe4 b5 23. b3 bxc4 24. bxc4 Qa4 25. Qd3 Qa5 26. Rc1 Rb8 27. Ng5 Bg4 28. Rf2 Rb2 29. h3 Bd7 30. h4 Ra2 31. Nb1 Rxf2 32. Kxf2 h6 33. Nf3 Rb8 34. Nfd2 Ng8 35. Bf3 Nf6 36. Qe2 h5 37. f5 gxf5 38. Bxh5 d3 39. Qf3 Rb2 40. Kg1 Rxd2 41. exf5 Rc2 42. Rf1 Qa6 43. Qxd3 Qxc4 44. Qxd6 Nxh5 45. f6 Qd4+ 46. Qxd4 cxd4 47. fxg7+ Kxg7 48. Re1 Bc6 49. Re7+ Kf6 50. Rh7 Nxg3 0-1

[Event "Budapest FS11 GM"]
[Site "Budapest"]
[Date "2012.11.10"]
[Round "9"]
[White "Varga, Zoltan"]
[Black "Kharous, Ernest"]
[Result "0-1"]
[WhiteElo "2456"]
[BlackElo "2367"]
[PlyCount "108"]
[EventDate "2012.11.03"]
[EventType "tourn"]
[EventRounds "14"]
[EventCountry "HUN"]
[EventCategory "8"]
[SourceTitle "EXT 2013"]
[Source "ChessBase"]
[SourceDate "2012.11.22"]
[SourceVersion "1"]
[SourceVersionDate "2012.11.22"]
[SourceQuality "1"]

1. e4 d6 2. d4 Nf6 3. f3 Nbd7 4. c4 e5 5. Be3 Be7 6. Nc3 0-0 7. Nh3 c6 8. d5 h6 9. Qd2 Nh7 10. Nf2 Nc5 11. b4 Na6 12. dxc6 bxc6 13. a3 Nc7 14. Be2 Bg5 15. Bxg5 Nxg5 16. Rd1 Nge6 17. Qxd6 Qxd6 18. Rxd6 Nd4 19. f4 Ne8 20. Rd8 Ne6 21. Rd2 Nxf4 22. Nd3 Nxd3+ 23. Bxd3 Nc7 24. Kf2 Rd8 25. Rhd1 Kf8 26. Bc2 Rxd2+ 27. Rxd2 Ke7 28. Ba4 Bd7 29. c5 a6 30. Ke3 Nb5 31. Bxb5 axb5 32. Rd3 Be6 33. Nd1 g6 34. g3 f5 35. exf5 gxf5 36. Nf2 Bd5 37. Rc3 Ke6 38. Nd3 h5 39. Nf2 h4 40. Kd2 hxg3 41. hxg3 Rh8 42. Re3 Rh2 43. Ke1 Kf6 44. Kf1 Rh8 45. Ke1 Ra8 46. Nh3 Be4 47. Nf2 Rd8 48. g4 f4 49. Rh3 Bd5 50. Rh6+ Kg7 51. Rd6 Ra8 52. Nd3 Rxa3 53. Kd2 Ra2+ 54. Ke1 f3 0-1

[Event "Budapest FS11 GM"]
[Site "Budapest"]
[Date "2012.11.07"]
[Round "5"]
[White "Kharous, Ernest"]
[Black "Arngrimsson, Dagur"]
[Result "0-1"]
[WhiteElo "2367"]
[BlackElo "2386"]
[PlyCount "88"]
[EventDate "2012.11.03"]
[EventType "tourn"]
[EventRounds "14"]
[EventCountry "HUN"]
[EventCategory "8"]
[SourceTitle "EXT 2013"]
[Source "ChessBase"]
[SourceDate "2012.11.22"]
[SourceVersion "1"]
[SourceVersionDate "2012.11.22"]
[SourceQuality "1"]

1. d4 d5 2. Nf3 Nf6 3. c4 c6 4. Nc3 dxc4 5. a4 Bf5 6. Ne5 Nbd7 7. Nxc4 Nb6 8. Ne5 a5 9. h3 e6 10. g4 Be4 11. Nxe4 Nxe4 12. Bg2 Bb4+ 13. Kf1 Nf6 14. Bg5 h6 15. Bh4 g5 16. Bg3 h5 17. e3 Qe7 18. Rc1 Rd8 19. Bf3 h4 20. Bh2 0-0 21. Qc2 Nfd7 22. Nd3 Nd5 23. e4 N5b6 24. Qb3 Bd6 25. e5 Bb4 26. Kg2 Nb8 27. Nxb4 axb4 28. Rhd1 Na6 29. Be4 Nd5 30. Bb1 f5 31. gxf5 exf5 32. Kh1 Nac7 33. f4 Ne6 34. fxg5 Kf7 35. Bxf5 Ke8 36. Bxe6 Qxe6 37. Rf1 Kd7 38. Qd3 Ne7 39. Rf6 Qd5+ 40. Kg1 Rxf6 41. exf6 Qxg5+ 42. Kf2 Qxc1 43. Qe2 Nf5 44. d5 Qc5+ 0-1

[Event "Gibraltar Masters 7th"]
[Site "Gibraltar"]
[Date "2009.01.29"]
[Round "3"]
[White "Erdelyi, Tamas"]
[Black "Kharous, Ernest"]
[Result "1-0"]
[WhiteElo "2152"]
[BlackElo "2400"]
[PlyCount "97"]
[EventDate "2009.01.27"]
[EventType "swiss"]
[EventRounds "10"]
[EventCountry "ENG"]
[SourceTitle "CBM 128 Extra"]
[Source "ChessBase"]
[SourceDate "2009.03.05"]
[SourceVersion "2"]
[SourceVersionDate "2009.03.25"]
[SourceQuality "1"]

1. Nf3 d6 2. g3 Nf6 3. c4 e5 4. Nc3 c6 5. d3 Be7 6. Rb1 0-0 7. b4 Nbd7 8. Qb3 Rb8 9. b5 Nc5 10. Qc2 Bf5 11. e4 Bg6 12. Bg2 Nfd7 13. 0-0 f5 14. Nd2 Ne6 15. Nb3 Rc8 16. bxc6 bxc6 17. Bh3 Ng5 18. Bxg5 Bxg5 19. Bxf5 Bxf5 20. exf5 Rxf5 21. Qe2 g6 22. Nd2 Qa5 23. Nde4 Be7 24. Rb7 Rd8 25. Qb2 Bf8 26. Qb3 Nc5 27. Nxc5 Qxc5 28. Ne4 Qd4 29. c5+ Qd5 30. cxd6 Bxd6 31. Rc1 Qxb3 32. axb3 Rf7 33. Rxf7 Kxf7 34. Rxc6 Bb8 35. Rc3 Ke6 36. Kf1 Kf5 37. f3 Rd7 38. Rc6 Rf7 39. Ke2 Bc7 40. Ke3 h5 41. h3 Bb6+ 42. Rxb6 axb6 43. Nd6+ Ke6 44. Nxf7 Kxf7 45. Ke4 Ke6 46. f4 exf4 47. Kxf4 Kf6 48. h4 b5 49. b4 1-0

[Event "Gibraltar Masters 7th"]
[Site "Gibraltar"]
[Date "2009.01.28"]
[Round "2"]
[White "Kharous, Ernest"]
[Black "Compton, Alistair"]
[Result "1-0"]
[WhiteElo "2400"]
[BlackElo "2079"]
[PlyCount "77"]
[EventDate "2009.01.27"]
[EventType "swiss"]
[EventRounds "10"]
[EventCountry "ENG"]
[SourceTitle "CBM 128 Extra"]
[Source "ChessBase"]
[SourceDate "2009.03.05"]
[SourceVersion "2"]
[SourceVersionDate "2009.03.25"]
[SourceQuality "1"]

1. g3 d5 2. Bg2 Nf6 3. f4 c6 4. Nf3 Bg4 5. b3 Nbd7 6. Bb2 e6 7. 0-0 Bc5+ 8. d4 Bd6 9. Ne5 Bf5 10. e3 0-0 11. Nd2 h6 12. Rc1 Rc8 13. c4 Bb4 14. a3 Bxd2 15. Qxd2 Ne4 16. Qe2 Nxe5 17. dxe5 Nc5 18. Rcd1 Nxb3 19. g4 Bh7 20. f5 Qg5 21. Rf4 Na5 22. cxd5 cxd5 23. Rdf1 Rfd8 24. Qe1 Nc4 25. Bc3 Qe7 26. Bb4 Qc7 27. Qf2 a5 28. fxe6 axb4 29. Rxf7 Qxe5 30. e7 Qxe3 31. exd8Q+ Rxd8 32. Bxd5 Bd3 33. Rf8+ Kh7 34. Qxe3 Nxe3 35. Rxd8 Bxf1 36. Bg8+ Kg6 37. Kf2 Nxg4+ 38. Kxf1 bxa3 39. Kg1 1-0

[Event "Ekaterinburg"]
[Site "Ekaterinburg"]
[Date "2008.05.23"]
[Round "11"]
[White "Kharous, Ernest"]
[Black "Pakhomov, Alexey"]
[Result "1/2-1/2"]
[WhiteElo "2405"]
[BlackElo "2468"]
[PlyCount "47"]
[EventDate "2008.05.16"]
[EventType "tourn"]
[EventRounds "11"]
[EventCountry "RUS"]
[EventCategory "1"]
[SourceTitle "CBM 124 Extra"]
[Source "ChessBase"]
[SourceDate "2008.07.03"]
[SourceVersion "1"]
[SourceVersionDate "2008.07.03"]
[SourceQuality "1"]

1. e4 e5 2. Nf3 Nf6 3. Nxe5 d6 4. Nf3 Nxe4 5. d4 d5 6. Bd3 Nc6 7. 0-0 Be7 8. c4 Nb4 9. cxd5 Nxd3 10. Qxd3 Qxd5 11. Re1 Bf5 12. Nc3 Nxc3 13. Qxc3 Be6 14. Re5 Qc6 15. Ng5 Qxc3 16. bxc3 Bd6 17. Re4 Kd7 18. Nxe6 fxe6 19. c4 b6 20. Bd2 Rhf8 21. Rae1 Rae8 22. g3 c6 23. Kg2 Rf5 24. a4 1/2-1/2

[Event "Ekaterinburg"]
[Site "Ekaterinburg"]
[Date "2008.05.20"]
[Round "7"]
[White "Kharous, Ernest"]
[Black "Kaliberda, Vladimir"]
[Result "1/2-1/2"]
[WhiteElo "2405"]
[BlackElo "2319"]
[PlyCount "26"]
[EventDate "2008.05.16"]
[EventType "tourn"]
[EventRounds "11"]
[EventCountry "RUS"]
[EventCategory "1"]
[SourceTitle "CBM 124 Extra"]
[Source "ChessBase"]
[SourceDate "2008.07.03"]
[SourceVersion "1"]
[SourceVersionDate "2008.07.03"]
[SourceQuality "1"]

1. e4 c5 2. Nf3 e6 3. d4 cxd4 4. Nxd4 a6 5. Nc3 Qc7 6. Be2 Nf6 7. 0-0 Bb4 8. Qd3 d6 9. Bd2 Bxc3 10. Bxc3 Nbd7 11. f3 Nc5 12. Qd2 e5 13. Nb3 Be6 1/2-1/2

[Event "Ekaterinburg UrFO-ch"]
[Site "Ekaterinburg"]
[Date "2008.03.15"]
[Round "1"]
[White "Kharous, Ernest"]
[Black "Schipachev, Viktor"]
[Result "1-0"]
[WhiteElo "2405"]
[BlackElo "2150"]
[PlyCount "51"]
[EventDate "2008.03.15"]
[EventType "swiss"]
[EventRounds "9"]
[EventCountry "RUS"]
[SourceTitle "EXT 2009"]
[Source "ChessBase"]
[SourceDate "2008.11.26"]
[SourceVersion "1"]
[SourceVersionDate "2008.11.26"]
[SourceQuality "1"]

1. e4 c5 2. Nf3 Nc6 3. Bb5 g6 4. Bxc6 dxc6 5. d3 Bg7 6. h3 Nf6 7. Nc3 Nd7 8. Be3 e5 9. Qd2 h6 10. 0-0 Qe7 11. Nh2 Nf8 12. f4 exf4 13. Bxf4 Ne6 14. Be3 h5 15. Nf3 0-0 16. Rae1 Bd7 17. e5 b6 18. Ne4 Rad8 19. Bh6 Bc8 20. Nf6+ Kh8 21. Re4 Rd5 22. Nh4 Nd4 23. Bxg7+ Kxg7 24. Qg5 Qd8 25. Nxh5+ Kg8 26. Rf6 1-0

[Event "Ekaterinburg 07"]
[Site "Ekaterinburg"]
[Date "2007.07.25"]
[Round "8"]
[White "Kharous, Ernest"]
[Black "Prahov, G."]
[Result "1-0"]
[WhiteElo "2373"]
[BlackElo "2273"]
[PlyCount "65"]
[EventDate "2007.07.20"]
[EventType "tourn"]
[EventRounds "11"]
[EventCountry "RUS"]
[EventCategory "1"]
[SourceTitle "EXT 2022"]
[Source "ChessBase"]
[SourceDate "2021.10.06"]
[SourceVersion "1"]
[SourceVersionDate "2021.10.06"]
[SourceQuality "1"]

1. e4 e6 2. d4 d5 3. Nc3 dxe4 4. Nxe4 Nd7 5. Nf3 Ngf6 6. Nxf6+ Nxf6 7. c3 Be7 8. Bd3 0-0 9. Bg5 b6 10. Qc2 h6 11. Bh4 Bb7 12. Ne5 c5 13. dxc5 bxc5 14. 0-0-0 Qc7 15. Rhe1 Rad8 16. f4 Nd5 17. Bxe7 Qxe7 18. g3 Nb6 19. Bh7+ Kh8 20. Rxd8 Qxd8 21. Rd1 Qe7 22. c4 Qf6 23. Be4 Qe7 24. Qg2 Bxe4 25. Qxe4 Kg8 26. Kc2 Rc8 27. b3 Qc7 28. a4 f6 29. Ng6 Kf7 30. a5 Nd7 31. f5 Re8 32. fxe6+ Rxe6 33. Qd5 1-0

[Event "Ekaterinburg 07"]
[Site "Ekaterinburg"]
[Date "2007.07.25"]
[Round "9"]
[White "Kozlov, Oleg"]
[Black "Kharous, Ernest"]
[Result "0-1"]
[WhiteElo "2157"]
[BlackElo "2373"]
[PlyCount "66"]
[EventDate "2007.07.20"]
[EventType "tourn"]
[EventRounds "11"]
[EventCountry "RUS"]
[EventCategory "1"]
[SourceTitle "EXT 2022"]
[Source "ChessBase"]
[SourceDate "2021.10.06"]
[SourceVersion "1"]
[SourceVersionDate "2021.10.06"]
[SourceQuality "1"]

1. d4 d5 2. c4 c6 3. Nf3 Nf6 4. Nc3 e6 5. Bg5 h6 6. Bxf6 Qxf6 7. e3 Nd7 8. Bd3 dxc4 9. Bxc4 g6 10. 0-0 Bg7 11. Qc2 Qe7 12. Rfe1 0-0 13. Rad1 b6 14. a3 Bb7 15. e4 Rad8 16. e5 b5 17. Ba2 c5 18. Nxb5 Bxf3 19. gxf3 cxd4 20. f4 Qh4 21. Re4 d3 22. Rxd3 Nxe5 23. Rxe5 Qxf4 24. Rxd8 Rxd8 25. Re2 Qg5+ 26. Kf1 Qxb5 27. Bc4 Qh5 28. Kg2 Qg4+ 29. Kf1 Qh3+ 30. Kg1 Be5 31. Re3 Bxh2+ 32. Kh1 Bg3+ 33. Kg1 Rd1+ 0-1

[Event "Ekaterinburg 07"]
[Site "Ekaterinburg"]
[Date "2007.07.24"]
[Round "7"]
[White "Kaliberda, Vladimir"]
[Black "Kharous, Ernest"]
[Result "1/2-1/2"]
[WhiteElo "2337"]
[BlackElo "2373"]
[PlyCount "65"]
[EventDate "2007.07.20"]
[EventType "tourn"]
[EventRounds "11"]
[EventCountry "RUS"]
[EventCategory "1"]
[SourceTitle "EXT 2022"]
[Source "ChessBase"]
[SourceDate "2021.10.06"]
[SourceVersion "1"]
[SourceVersionDate "2021.10.06"]
[SourceQuality "1"]

1. d4 Nf6 2. c4 g6 3. Nc3 d5 4. cxd5 Nxd5 5. e4 Nxc3 6. bxc3 c5 7. Nf3 Bg7 8. Rb1 0-0 9. Be2 Nd7 10. 0-0 Qc7 11. Bg5 Nf6 12. Bd3 b6 13. Qd2 Bg4 14. Bf4 Qd8 15. Be3 c4 16. Bc2 Bxf3 17. gxf3 Nh5 18. Rb4 Rc8 19. Qe2 e5 20. Rxc4 Qh4 21. Bb3 Rxc4 22. Qxc4 Kh8 23. Kh1 f5 24. exf5 Qh3 25. Qe2 exd4 26. Bxd4 Nf4 27. Bxg7+ Kxg7 28. Qe5+ Rf6 29. Qc7+ Kf8 30. Qd8+ Kg7 31. Qc7+ Kh8 32. Qd8+ Kg7 33. Qc7+ 1/2-1/2

[Event "Sukhumi op"]
[Site "Sukhumi"]
[Date "2006.08.08"]
[Round "5"]
[White "Pushin, Vladimir"]
[Black "Kharous, Ernest"]
[Result "1-0"]
[WhiteElo "2257"]
[BlackElo "2359"]
[PlyCount "60"]
[EventDate "2006.08.04"]
[EventType "swiss"]
[EventRounds "9"]
[EventCountry "GEO"]
[SourceTitle "EXT 2011"]
[Source "ChessBase"]
[SourceDate "2010.11.26"]
[SourceVersion "1"]
[SourceVersionDate "2010.11.26"]
[SourceQuality "1"]

1. d4 f5 2. c4 Nf6 3. Nc3 g6 4. g3 Bg7 5. Bg2 d6 6. Nf3 0-0 7. 0-0 Qe8 8. d5 a5 9. Ne1 Na6 10. Nd3 c6 11. Bf4 e5 12. dxe6 Qxe6 13. Rc1 Ne4 14. Na4 b5 15. Nb6 Rb8 16. Nxc8 Rfxc8 17. c5 g5 18. Bxd6 Nxd6 19. cxd6 Qxd6 20. Qb3+ Kh8 21. a4 Nb4 22. Nxb4 bxa4 23. Qd3 Qxb4 24. Qxf5 Bxb2 25. Rxc6 Rxc6 26. Bxc6 a3 27. Bd5 Qe7 28. e3 Rd8 29. Bc4 Qe5 30. Qg4 Bc3 1-0

[Event "Sukhumi op"]
[Site "Sukhumi"]
[Date "2006.08.06"]
[Round "3"]
[White "Airapetian, Valentin"]
[Black "Kharous, Ernest"]
[Result "0-1"]
[WhiteElo "2026"]
[BlackElo "2359"]
[PlyCount "62"]
[EventDate "2006.08.04"]
[EventType "swiss"]
[EventRounds "9"]
[EventCountry "GEO"]
[SourceTitle "EXT 2011"]
[Source "ChessBase"]
[SourceDate "2010.11.26"]
[SourceVersion "1"]
[SourceVersionDate "2010.11.26"]
[SourceQuality "1"]

1. d4 f5 2. Nc3 d5 3. Nf3 Nf6 4. Bf4 e6 5. a3 Be7 6. Nb5 Na6 7. e3 0-0 8. Ne5 c5 9. Be2 Qa5+ 10. Qd2 Qxd2+ 11. Kxd2 Ne4+ 12. Ke1 g5 13. Bg3 f4 14. f3 Nd6 15. Bf2 fxe3 16. Bxe3 Nf5 17. Bf2 cxd4 18. Nxd4 Bf6 19. Nxf5 Bxe5 20. Ne7+ Kh8 21. Nxc8 Bxb2 22. Rb1 Bc3+ 23. Kd1 Rfxc8 24. h4 gxh4 25. Rxh4 Rc7 26. Bd3 Rg8 27. g4 Nb8 28. Ke2 Nc6 29. Rbh1 Rgg7 30. f4 e5 31. fxe5 Nxe5 0-1